000 01040nam a22003257a 4500
003 CHAP
005 20220329135240.0
008 971013s1951 r 00010 d
010 _a33278
011 _a34250
035 _a38366
040 _cCHAP
082 _a632.3
_bE55 1951
100 0 0 _aElliot, Charlotte.
_936362
245 _aManual of bacterial plant patogens
250 _a2 ed.
260 _aWaltham :
_bChronica Botanica,
_c1951
300 _a186 p.
590 _aBATCH-UPD
_b10
_c20130110
_lUCH01
_h1744
590 _aBATCH-UPD
_b10
_c20130410
_lUCH01
_h1123
590 _aBATCH-UPD
_b10
_c20130914
_lUCH01
_h0517
590 _aCONVERSION
_b10
_c20130109
_lUCH01
_h1319
650 1 4 _aBacterias fitógenas.
_99325
650 1 4 _aFitopatología.
_941161
901 _aBK
942 _cLIBRO
949 _a632.3 E55 1951
_bBC
_cLIBRO
_d-87753
_eLIBRO
_fc.2
_h22484
_i38366
_si
949 _a632.3 E55 1951
_bBC
_cLIBRO
_d-87754
_eLIBRO
_fc.3
_h27531
_i38366
_si
949 _a632.3 E55 1951
_bBC
_cLIBRO
_d33724002056413
_eLIBRO
_h22484
_i38366
_so
999 _c33278
_d33278